|
|
|
|
| LEADER |
02197nam a2200541 4500 |
| 001 |
ocn844774981 |
| 003 |
OCoLC |
| 005 |
20170527040229.7 |
| 007 |
cr cnu|||||||| |
| 008 |
130819s2013 gw af b 001 0 eng |
| 010 |
|
|
|a 2013427462
|
| 040 |
|
|
|a DLC
|b eng
|c DLC
|d UKMGB
|d CUD
|d YDXCP
|d BTCTA
|d CEF
|d WAU
|d OHX
|d OCLCF
|d OCLCQ
|d CIT
|d UX0
|d E7B
|d CDX
|d COO
|d DG1
|d GrThAP
|
| 015 |
|
|
|a GBB2A7781
|2 bnb
|
| 016 |
7 |
|
|a 016196090
|2 Uk
|
| 019 |
|
|
|a 785870334
|a 815366964
|a 852513141
|a 854595441
|a 857441944
|
| 020 |
|
|
|a 9783527410279
|q (hbk. ;
|q alk. paper)
|
| 020 |
|
|
|a 3527410279
|q (hbk. ;
|q alk. paper)
|
| 020 |
|
|
|z 9783527652082
|q (ePDF)
|
| 020 |
|
|
|z 9783527652075
|q (ePub)
|
| 020 |
|
|
|z 9783527652068
|q (mobi)
|
| 020 |
|
|
|z 9783527652051
|q (oBook)
|
| 020 |
|
|
|z 3527652086
|q (ePDF)
|
| 020 |
|
|
|z 3527652078
|q (ePub)
|
| 020 |
|
|
|z 352765206X
|q (mobi)
|
| 020 |
|
|
|z 3527652051
|q (oBook)
|
| 035 |
|
|
|a (OCoLC)844774981
|z (OCoLC)785870334
|z (OCoLC)815366964
|z (OCoLC)852513141
|z (OCoLC)854595441
|z (OCoLC)857441944
|
| 042 |
|
|
|a pcc
|
| 050 |
0 |
0 |
|a QC809.M35
|b M46 2013
|
| 072 |
|
7 |
|a QC
|2 lcco
|
| 082 |
0 |
4 |
|a 538.766
|2 23
|
| 049 |
|
|
|a MAIN
|
| 100 |
1 |
|
|a Menk, Frederick W.,
|e author.
|
| 245 |
1 |
0 |
|a Magnetoseismology :
|b ground-based remote sensing of Earth's magnetosphere /
|c Frederick W. Menk and Colin L. Waters.
|
| 264 |
|
1 |
|a Weinheim, Germany :
|b Wiley-VCH Verlag GmbH & Co. KGaA,
|c [2013]
|
| 300 |
|
|
|a xxviii, 251 pages, [18] pages of plates :
|b illustrations ;
|
| 336 |
|
|
|a text
|b txt
|2 rdacontent
|
| 337 |
|
|
|a unmediated
|b n
|2 rdamedia
|
| 338 |
|
|
|a volume
|b nc
|2 rdacarrier
|
| 504 |
|
|
|a Includes bibliographical references (pages 215-242) and index.
|
| 650 |
|
0 |
|a Magnetosphere.
|
| 650 |
|
0 |
|a Magnetospheric physics.
|
| 650 |
|
7 |
|a Magnetosphere.
|2 fast
|0 (OCoLC)fst01005892
|
| 650 |
|
7 |
|a Magnetospheric physics.
|2 fast
|0 (OCoLC)fst01200669
|
| 655 |
|
4 |
|a Electronic books.
|
| 700 |
1 |
|
|a Waters, Colin L.,
|e author.
|
| 776 |
0 |
8 |
|i Print version:
|t Magnetoseismology : ground-based remote sensing of Earth's magnetosphere.
|d Weinheim :
|b Wiley-VCH, 2013
|z 9783527410279
|w (DLC) 2013005449
|w (OCoLC)844774981
|
| 856 |
4 |
0 |
|u https://doi.org/10.1002/9783527652051
|z Full Text via HEAL-Link
|
| 994 |
|
|
|a 92
|b DG1
|